<?xml version="1.0" encoding="UTF-8"?>
<record
    xmlns:xsi="http://www.w3.org/2001/XMLSchema-instance"
    xsi:schemaLocation="http://www.loc.gov/MARC21/slim http://www.loc.gov/standards/marcxml/schema/MARC21slim.xsd"
    xmlns="http://www.loc.gov/MARC21/slim">

  <leader>00870cam a2200289   4500</leader>
  <controlfield tag="001">2507825</controlfield>
  <controlfield tag="003">yeezen</controlfield>
  <controlfield tag="005">20260106164122.0</controlfield>
  <controlfield tag="008">240821s2024    ch a   e b    000 0 chi d</controlfield>
  <datafield tag="020" ind1=" " ind2=" ">
    <subfield code="a">9789863685418</subfield>
    <subfield code="q">(&#x5E73;&#x88DD;) :</subfield>
    <subfield code="c">&#x65B0;&#x81FA;&#x5E63;580&#x5143;</subfield>
  </datafield>
  <datafield tag="040" ind1=" " ind2=" ">
    <subfield code="a">SAN</subfield>
    <subfield code="b">chi</subfield>
    <subfield code="c">&#x6843;&#x5E02;&#x5716;</subfield>
    <subfield code="e">CCR</subfield>
  </datafield>
  <datafield tag="041" ind1="0" ind2=" ">
    <subfield code="a">chi</subfield>
  </datafield>
  <datafield tag="042" ind1=" " ind2=" ">
    <subfield code="a">nbic</subfield>
  </datafield>
  <datafield tag="084" ind1=" " ind2=" ">
    <subfield code="a">415.22</subfield>
    <subfield code="2">ncsclt</subfield>
  </datafield>
  <datafield tag="090" ind1=" " ind2=" ">
    <subfield code="a">415.22</subfield>
  </datafield>
  <datafield tag="110" ind1="2" ind2=" ">
    <subfield code="a">&#x81FA;&#x7063;&#x6025;&#x6551;&#x52A0;&#x8B77;&#x91AB;&#x5B78;&#x6703;</subfield>
    <subfield code="e">&#x7DE8;&#x8457;</subfield>
  </datafield>
  <datafield tag="245" ind1="1" ind2="0">
    <subfield code="a">&#x9AD8;&#x54C1;&#x8CEA;&#x6025;&#x6551;&#x5FA9;&#x7526;&#x5F8C;&#x7167;&#x8B77;&#x81E8;&#x5E8A;&#x624B;&#x518A; /</subfield>
    <subfield code="c">&#x81FA;&#x7063;&#x6025;&#x6551;&#x52A0;&#x8B77;&#x91AB;&#x5B78;&#x6703;&#x7DE8;&#x8457; ; &#x9EC3;&#x5EFA;&#x83EF;&#x4E3B;&#x7DE8;</subfield>
  </datafield>
  <datafield tag="250" ind1=" " ind2=" ">
    <subfield code="a">&#x521D;&#x7248;</subfield>
  </datafield>
  <datafield tag="260" ind1=" " ind2=" ">
    <subfield code="a">&#x65B0;&#x5317;&#x5E02;&#x6C50;&#x6B62;&#x5340; :</subfield>
    <subfield code="b">&#x5408;&#x8A18;,</subfield>
    <subfield code="c">2024.05</subfield>
  </datafield>
  <datafield tag="300" ind1=" " ind2=" ">
    <subfield code="a">[12], 168&#x9762; :</subfield>
    <subfield code="b">&#x5716; ;</subfield>
    <subfield code="c">26&#x516C;&#x5206;</subfield>
  </datafield>
  <datafield tag="504" ind1=" " ind2=" ">
    <subfield code="a">&#x53C3;&#x8003;&#x66F8;&#x76EE;: &#x9762;144-168.</subfield>
  </datafield>
  <datafield tag="650" ind1=" " ind2="7">
    <subfield code="a">&#x6025;&#x8A3A;&#x91AB;&#x5B78;</subfield>
    <subfield code="2">lcstt.</subfield>
  </datafield>
  <datafield tag="650" ind1=" " ind2="7">
    <subfield code="a">&#x6025;&#x6551;</subfield>
    <subfield code="2">lcstt.</subfield>
  </datafield>
  <datafield tag="650" ind1=" " ind2="7">
    <subfield code="a">&#x5FA9;&#x539F;&#x7167;&#x8B77;</subfield>
    <subfield code="2">lcstt.</subfield>
  </datafield>
  <datafield tag="700" ind1="1" ind2=" ">
    <subfield code="a">&#x9EC3;&#x5EFA;&#x83EF;</subfield>
    <subfield code="e">&#x4E3B;&#x7DE8;</subfield>
  </datafield>
  <datafield tag="942" ind1=" " ind2=" ">
    <subfield code="2">ccl</subfield>
    <subfield code="c">LNTERM</subfield>
  </datafield>
  <datafield tag="999" ind1=" " ind2=" ">
    <subfield code="c">7648</subfield>
    <subfield code="d">7648</subfield>
  </datafield>
  <datafield tag="952" ind1=" " ind2=" ">
    <subfield code="0">0</subfield>
    <subfield code="1">0</subfield>
    <subfield code="2">ccl</subfield>
    <subfield code="4">0</subfield>
    <subfield code="7">0</subfield>
    <subfield code="a">yeezen</subfield>
    <subfield code="b">yeezen</subfield>
    <subfield code="c">N007</subfield>
    <subfield code="d">2025-07-01</subfield>
    <subfield code="l">3</subfield>
    <subfield code="m">1</subfield>
    <subfield code="o">415.22</subfield>
    <subfield code="p">C03234</subfield>
    <subfield code="q">2026-06-30</subfield>
    <subfield code="r">2026-01-02 00:00:00</subfield>
    <subfield code="s">2026-01-02</subfield>
    <subfield code="w">2025-07-01</subfield>
    <subfield code="y">LNTERM</subfield>
  </datafield>
</record>
